Koncepcia aktívnej politiky zamestnanosti v okrese Žiar nad Hronom.
Vývoj nezamestnanosti okresu Žiar nad Hronom v roku 1992. Koncepcia aktívnej politiky zamestnanosti a vyhliadky na rok 1993. Zásady aktívnej politiky Okresného úradu práce. Regionálny program vytvárania spoločensky účelných pracovných miest drobnými a strednými podnikateľmi na rok 1993. Program rekv...
Enregistré dans:
| Auteur principal: | |
|---|---|
| Format: | Chapitre de livre |
| Langue: | slovaque |
| Sujets: | |
| Tags: |
Pas de tags, Soyez le premier à ajouter un tag!
|
MARC
| LEADER | 00000naa a2200000 4500 | ||
|---|---|---|---|
| 001 | r013268 | ||
| 005 | 20221205080251.8 | ||
| 041 | 0 | |a slo | |
| 044 | |a SK | ||
| 245 | 1 | 0 | |a Koncepcia aktívnej politiky zamestnanosti v okrese Žiar nad Hronom. |c R. Kováč |
| 520 | |a Vývoj nezamestnanosti okresu Žiar nad Hronom v roku 1992. Koncepcia aktívnej politiky zamestnanosti a vyhliadky na rok 1993. Zásady aktívnej politiky Okresného úradu práce. Regionálny program vytvárania spoločensky účelných pracovných miest drobnými a strednými podnikateľmi na rok 1993. Program rekvalifikácie. Rozpočet OÚP na r. 1993 a opatrenia na zamedzenie jeho prekročenia. | ||
| 610 | 2 | 0 | |a nezamestnanosť |
| 610 | 2 | 0 | |a rekvalifikácia |
| 610 | 2 | 0 | |a Žiar nad Hronom |
| 610 | 2 | 0 | |a okresy |
| 100 | 1 | |a Kováč, R. | |